000 00463nam a2200181Ia 4500
001 44196
008 140428s9999 xx 000 0 und d
020 _aNA
040 _cPK-LaUMT
082 _aRHC 891.4393
_bQAN-B
100 _aQanta Rabia
245 _aBahaar aanay ko hay (Urdu)
_cQanta Rabia
260 _aLahore,Pakistan:
_bIdarah-e-Mutubaat-e-Sulemani,
_c2007
300 _a222 p.
546 _aUR
650 _aPakistani literature-Urdu
942 _cBK
999 _c42190
_d42190